| Tag |
First Indicator |
Second Indicator |
Subfields |
| LEADER |
00000cam a22000004a 4500 |
| 001 |
in00001663005 |
| 005 |
20151024122419.0 |
| 008 |
020321s2002 ctuab b f000 0 eng |
| 010 |
|
|
|a 2002320789
|
| 019 |
|
|
|a 49388092
|
| 035 |
|
|
|a (OCoLC)ocm49649832
|
| 040 |
|
|
|a DLC
|c DLC
|d GIS
|d AGL
|d GPO
|d DLC
|d MvI
|d UtOrBLW
|
| 042 |
|
|
|a pcc
|
| 043 |
|
|
|a n-us-ct
|
| 049 |
|
|
|a UDOC
|
| 050 |
0 |
0 |
|a GB701
|b .W375 no. 02-4011
|a TD224.C8
|
| 070 |
0 |
|
|a GB701
|b .W375 no. 2002-4011
|
| 072 |
|
0 |
|a P200
|
| 074 |
|
|
|a 0624-B
|
| 082 |
0 |
0 |
|a 553.7/0973 s
|a 363.739/463/09746
|2 21
|
| 086 |
0 |
|
|a I 19.42/4:02-4011
|
| 100 |
1 |
|
|a Trench, Elaine C. Todd.
|
| 245 |
1 |
0 |
|a Water-quality trend analysis and sampling design for streams in Connecticut, 1968-98 /
|c by Elaine C. Todd Trench and Aldo V. Vecchia ; prepared in cooperation with the Connecticut Department of Environmental Protection.
|
| 264 |
|
1 |
|a East Hartford, Conn. :
|b U.S. Dept. of the Interior, U.S. Geological Survey ;
|c 2002.
|
| 264 |
|
2 |
|a Denver, CO :
|b U.S. Geological Survey, Branch of Information Services [distributor],
|
| 300 |
|
|
|a vi, 94 pages :
|b illustrations, map ;
|c 28 cm.
|
| 336 |
|
|
|a text
|b txt
|2 rdacontent
|
| 337 |
|
|
|a unmediated
|b n
|2 rdamedia
|
| 338 |
|
|
|a volume
|b nc
|2 rdacarrier
|
| 490 |
1 |
|
|a Water-resources investigations report ;
|v 02-4011
|
| 500 |
|
|
|a Shipping list number: 2002-0134-P.
|
| 500 |
|
|
|a Shipping List Date: 03/20/2002
|
| 504 |
|
|
|a Includes bibliographical references (pages 56-57).
|
| 650 |
|
0 |
|a Water quality
|z Connecticut.
|
| 650 |
|
0 |
|a Water
|x Sampling
|z Connecticut.
|
| 650 |
|
0 |
|a Rivers
|z Connecticut.
|
| 700 |
1 |
|
|a Vecchia, Aldo V.
|
| 710 |
1 |
|
|a Connecticut.
|b Department of Environmental Protection.
|
| 710 |
2 |
|
|a Geological Survey (U.S.)
|
| 830 |
|
0 |
|a Water-resources investigations report ;
|v 02-4011.
|
| 999 |
|
|
|a MARS
|
| 999 |
f |
f |
|s 09c269e6-b2f1-310e-b00c-428c7d9cfb21
|i 0b753ac5-cc75-3e2d-9e2d-fd96478e85a1
|t 0
|
| 952 |
f |
f |
|p normal
|a Texas A&M University
|b College Station
|c Sterling C. Evans Library
|d Evans: US Documents (Annex 5th floor)
|t 0
|e I 19.42/4:02-4011
|h Superintendent of Documents classification
|i unmediated -- volume
|m A14828742267
|
| 998 |
f |
f |
|a I 19.42/4:02-4011
|t 0
|l Evans: US Documents (Annex 5th floor)
|